Luis Buñuel / (Record no. 87856)

MARC details
000 -LEADER
campo de control de longitud fija 00951nam a2200241 i 4500
001 - NÚMERO DE CONTROL
campo de control 87856
003 - IDENTIFICADOR DE NÚMERO DE CONTROL
campo de control ES-MaACL
005 - FECHA Y HORA DE LA ÚLTIMA TRANSACCIÓN
campo de control 20230906175743.0
007 - CAMPO FIJO DE DESCRIPCIÓN FÍSICA--INFORMACIÓN GENERAL
campo de control de longitud fija t|
008 - DATOS DE LONGITUD FIJA--INFORMACIÓN GENERAL
campo de control de longitud fija 041223s1970 fr ||||1| fre d
100 1# - ENTRADA PRINCIPAL--NOMBRE DE PERSONA
Nombre de persona Kyrou, Ado.
9 (RLIN) 69107
245 10 - MENCIÓN DEL TÍTULO
Título Luis Buñuel /
Mención de responsabilidad, etc. présentation par Ado Kyrou, textes et propos de Luis Buñuel, documents, points de vue, filmographie, bibliographie, 60 documents iconographiques.
250 ## - MENCION DE EDICION
Mención de edición 4e éd. remaniée et mise à jour.
260 ## - PUBLICACIÓN, DISTRIBUCIÓN, ETC.
Lugar de publicación, distribución, etc. [Paris] :
Nombre del editor, distribuidor, etc. Seghers,
Fecha de publicación, distribución, etc. [1970]
300 ## - DESCRIPCIÓN FÍSICA
Extensión 185 p. :
Otras características físicas il. ;
Dimensiones 16 cm.
490 1# - MENCIÓN DE SERIE
Mención de serie Cinéma d'aujourd'hui ;
Designación de volumen o secuencia 4
504 ## - NOTA DE BIBLIOGRAFÍA, ETC.
Nota de bibliografía, etc. Bibliogr.: p. 180-185. Filmogr. : p. [171]-179.
505 8# - NOTA DE CONTENIDO CON FORMATO
Nota de contenido con formato Contiene: Textes et propos de Luis Bunuel, documents, points de vue, 60 documents iconographiques
600 14 - PUNTO DE ACCESO ADICIONAL DE MATERIA--NOMBRE DE PERSONA
Nombre de persona Buñuel, Luis,
Fechas asociadas al nombre 1900-1983
9 (RLIN) 32559
830 0# - PUNTO DE ACCESO ADICIONAL DE SERIE-TÍTULO UNIFORME
Título uniforme Cinéma d'aujourd'hui ;
Designación de volumen o secuencia 4
9 (RLIN) 226397
852 ## - LOCALIZACIÓN
Ubicación ES-MaACL
Número de control de estantería E-8072
Sublocalización o colección R.96126
Holdings
Estatus retirado Estado de pérdida Estado de daño No para préstamo Biblioteca de origen Biblioteca actual Ubicación en estantería Fecha de adquisición Fuente de adquisición Total de préstamos Signatura topográfica completa Código de barras Visto por última vez Precio de reemplazo Tipo de ítem Koha
        Biblioteca del Ateneo de Madrid Biblioteca del Ateneo de Madrid Depósito 2 17/01/2008     E-8072 1091779 23/02/2023 23/02/2023 Libro impreso